| 000 | 02084njm a2200565 i 4500 | ||
|---|---|---|---|
| 001 | 34960 | ||
| 003 | KOSZ 005 | ||
| 005 | 20220822083026.0 | ||
| 007 | sd fsngnnmmned | ||
| 008 | 061010s2005 pl munn i 000 0 d | ||
| 020 | _a8360004110 | ||
| 040 |
_aKOSZ 005 _cKOSZ 005 _dKOSZ 005/AR |
||
| 041 | 0 | _apol | |
| 046 | _k2005 | ||
| 080 | _a785(437.3) | ||
| 080 | _a(086.7) | ||
| 100 | 1 |
_aDvořák, Antonín _d(1841-1905) _eKompozytor |
|
| 245 | 1 | 0 |
_aDvořák / _cAntonín Dvořák. |
| 260 |
_aWarszawa : _bMediasat Poland, _c2005. |
||
| 300 |
_a1 płyta CD (71 min 38 s) : _bzapis cyfrowy, stereo ; _c12 cm + _e1 dodatek : 51 stron : ilustracje ; 13 cm x 14 cm. |
||
| 336 |
_2rdacontent _aNagranie muzyczne _bprm |
||
| 336 |
_2rdacontent _3Dodatek _aTekst _btxt |
||
| 337 |
_2rdamedia _aAudio _bs |
||
| 338 |
_2rdacarrier _aPłyta audio _bd |
||
| 380 | _aMuzyka | ||
| 388 | _a1801-1900 | ||
| 490 | 1 |
_aBiblioteka Gazety Wyborczej. Wielcy Kompozytorzy ; _v5 |
|
| 500 | _aTekst komentarza: Joanna Wiśnios. | ||
| 500 | _aRoyal Philharmonic Orchestra ; Paavo Järvi, dyrygent. | ||
| 500 | _aNagranie: Kościół św. Augustyna, Kilburn, Londyn 1993. | ||
| 505 | 0 | _aIX symfonia e-moll "Z Nowego Świata" op. 95 ; Uwertura koncertowa "Karnawał" op. 92 ; Scherzo capriccioso op. 66. | |
| 600 | 1 | 7 |
_aDvořák, Antonín _d(1841-1905) |
| 648 | 7 | _a1801-1900 | |
| 650 | 9 | _aKompozytorzy czescy | |
| 650 | 9 | _aKoncert | |
| 655 | 7 | _aDokumenty dźwiękowe | |
| 655 | 7 | _aMuzyka czeska | |
| 655 | 7 | _aMuzyka instrumentalna | |
| 655 | 7 | _aMuzyka na orkiestrę | |
| 655 | 7 | _aMuzyka poważna | |
| 655 | 7 | _aScherzo | |
| 655 | 7 | _aSymfonia | |
| 655 | 7 | _aUwertura | |
| 700 | 1 |
_aJärvi, Paavo _eDyrygent _d(1962- ) |
|
| 700 | 1 |
_aWiśnios, Joanna _eTekst |
|
| 710 | 2 |
_aMediasat Poland _eWydawca |
|
| 710 | 2 |
_aRoyal Philharmonic Orchestra (Londyn) _eWykonanie |
|
| 830 | 0 |
_aBiblioteka Gazety Wyborczej. _pWielcy Kompozytorzy _v5 |
|
| 942 |
_cCD _2UKD |
||
| 999 |
_c34960 _d34960 |
||